[Event "European Senior Chess Championship 2018"]
[Site "Drammen, Norway"]
[Date "2018.08.03"]
[Round "9"]
[White "Thjomoe, Hans Richard"]
[Black "Hohler, Peter"]
[Result "1/2-1/2"]
[WhiteElo "1888"]
[BlackElo "2091"]
[PlyCount "73"]
[EventDate "2018.??.??"]

1. e4 e5 2. Nf3 Nc6 3. Bb5 a6 4. Ba4 Nf6 5. O-O b5 6. Bb3 Bb7 7. d4 Nxd4 8.
Bxf7+ Kxf7 9. Nxe5+ Kg8 10. Qxd4 d6 11. Nf3 c5 12. Qe3 Nxe4 13. Nbd2 Qe7 14.
Re1 Re8 15. a4 Nxd2 16. Bxd2 Qxe3 17. fxe3 b4 18. c3 bxc3 19. Bxc3 d5 20. Rad1
Bd6 21. Nh4 Be5 22. Nf5 g6 23. Bxe5 Rxe5 24. Nd6 Bc6 25. Rf1 Re7 26. Nc8 Rf7
27. b3 Kg7 28. Nb6 Rd8 29. Rc1 Rxf1+ 30. Kxf1 Rb8 31. a5 Bb5+ 32. Kf2 Rf8+ 33.
Kg3 Rd8 34. Kf2 Rf8+ 35. Kg3 Re8 36. Kf2 Rf8+ 37. Kg3 1/2-1/2

[Event "European Senior Chess Championship 2018"]
[Site "Drammen, Norway"]
[Date "2018.08.03"]
[Round "9"]
[White "Munar Mut, Antonio"]
[Black "Svensson, Leif"]
[Result "0-1"]
[WhiteElo "1909"]
[BlackElo "2052"]
[PlyCount "43"]
[EventDate "2018.??.??"]

1. e4 e5 2. Nf3 Nf6 3. Nc3 Nc6 4. Bb5 Nd4 5. Bc4 Bc5 6. O-O d6 7. h3 c6 8. d3
b5 9. Bb3 a5 10. a4 b4 11. Nxd4 Bxd4 12. Ne2 Bb6 13. Bg5 h6 14. Bd2 O-O 15. Ng3
d5 16. Nh5 dxe4 17. Nxf6+ Qxf6 18. dxe4 Ba6 19. Qg4 Bxf1 20. Rxf1 Rad8 21. Bc1
Rd6 22. Kh1 0-1

[Event "European Senior Chess Championship 2018"]
[Site "Drammen, Norway"]
[Date "2018.08.03"]
[Round "9"]
[White "Sorokina, Tamara"]
[Black "Strand, Kjetil"]
[Result "1-0"]
[WhiteElo "2050"]
[BlackElo "1994"]
[PlyCount "105"]
[EventDate "2018.??.??"]

1. Nf3 d5 2. g3 Nf6 3. c4 d4 4. e3 Nc6 5. Bg2 e5 6. exd4 exd4 7. O-O Be7 8. d3
O-O 9. a3 a5 10. Bg5 Bg4 11. Qc2 Re8 12. Nbd2 Qd7 13. Rfe1 Qf5 14. Bf4 Qd7 15.
Ne5 Nxe5 16. Bxe5 a4 17. Bxf6 Bxf6 18. Bxb7 Rab8 19. Bg2 c5 20. Ne4 Be7 21. f3
Be6 22. Nf2 Rb3 23. Re2 Reb8 24. Rae1 h5 25. f4 Bf8 26. Bf3 Bf5 27. Bd5 h4 28.
Bf3 hxg3 29. hxg3 Qd6 30. Be4 Bxe4 31. Nxe4 Qh6 32. Nf2 Qc6 33. Ne4 Qb6 34. Nd2
Rxb2 35. Qxa4 Qg6 36. Ne4 Qh5 37. Qd1 Rb1 38. Qd2 Qf3 39. Kh2 R1b3 40. Nf2 Rxa3
41. Re8 Rb6 42. Qe2 Rh6+ 43. Kg1 Qc6 44. Qe7 Rxd3 45. Rxf8+ Kh7 46. Qe4+ Qxe4
47. Nxe4 Rb6 48. Kf2 Rbb3 49. Rxf7 Kg6 50. Re7 Rb2+ 51. Re2 Rxe2+ 52. Kxe2 Ra3
53. Re5 1-0

[Event "European Senior Chess Championship 2018"]
[Site "Drammen, Norway"]
[Date "2018.08.03"]
[Round "9"]
[White "Taksrud, Vidar"]
[Black "Svanholm, Borge Waaktaar"]
[Result "1-0"]
[WhiteElo "2047"]
[BlackElo "1862"]
[PlyCount "85"]
[EventDate "2018.??.??"]

1. Nc3 d5 2. d4 Nf6 3. Bg5 Nbd7 4. Nf3 e6 5. e4 dxe4 6. Nxe4 Be7 7. Ng3 O-O 8.
Bd3 c5 9. O-O b6 10. Ne5 Bb7 11. c3 Rc8 12. Re1 cxd4 13. cxd4 Nd5 14. Nxd7 Qxd7
15. Qh5 g6 16. Qh4 Bxg5 17. Qxg5 Qd8 18. Qh6 Qf6 19. Re4 Qg7 20. Qd2 Nf6 21.
Rh4 Rfd8 22. Re1 Rc7 23. Re5 Rcd7 24. Bb5 Rd6 25. Qc3 Rc8 26. Qa3 Rcd8 27. Qxa7
Bc6 28. Bxc6 Rxc6 29. h3 Rcd6 30. Rb5 Nd5 31. Ne2 Qf8 32. Nc3 Ra8 33. Qb7 Rb8
34. Qa6 Nc7 35. Qa4 Nxb5 36. Qxb5 Qd8 37. Qe5 Rb7 38. Ne4 h5 39. Nxd6 Rd7 40.
Ne4 Qxh4 41. Nf6+ Kf8 42. Nxd7+ Ke7 43. Nxb6 1-0

[Event "European Senior Chess Championship 2018"]
[Site "Drammen, Norway"]
[Date "2018.08.03"]
[Round "9"]
[White "Anguera Maestro, Jaime"]
[Black "Hewson, Brian W R"]
[Result "1/2-1/2"]
[WhiteElo "2042"]
[BlackElo "2012"]
[PlyCount "38"]
[EventDate "2018.??.??"]

1. d4 Nf6 2. c4 e6 3. Nf3 b6 4. g3 Ba6 5. b3 Bb4+ 6. Bd2 Be7 7. Bg2 c6 8. O-O
O-O 9. Qc2 d5 10. Bg5 Nbd7 11. Nbd2 h6 12. Bxf6 Nxf6 13. e4 dxe4 14. Nxe4 Qc7
15. Ne5 Bb7 16. Nc3 Rac8 17. Rfe1 Rfd8 18. Rad1 Bb4 19. Nd3 Be7 1/2-1/2

[Event "European Senior Chess Championship 2018"]
[Site "Drammen, Norway"]
[Date "2018.08.03"]
[Round "9"]
[White "Danielsson, Robert"]
[Black "Goncharov, Viktor"]
[Result "0-1"]
[WhiteElo "1993"]
[BlackElo "2041"]
[PlyCount "82"]
[EventDate "2018.??.??"]

1. d4 Nf6 2. c4 e6 3. Nc3 Bb4 4. Qb3 Qe7 5. a3 Bxc3+ 6. Qxc3 b6 7. Bg5 Bb7 8.
f3 c5 9. e3 h6 10. Bh4 d6 11. Bd3 Nbd7 12. Ne2 Rc8 13. b4 cxd4 14. exd4 O-O 15.
O-O b5 16. Qb3 bxc4 17. Bxc4 Nb6 18. Bd3 Bd5 19. Qb2 Nc4 20. Bxc4 Bxc4 21. Rac1
g5 22. Bf2 Nd5 23. Rfe1 Bxe2 24. Rxe2 Nf4 25. Rd2 Qb7 26. Kh1 Qa6 27. Rxc8 Qf1+
28. Bg1 Rxc8 29. Rf2 Qe1 30. Qd2 Rc1 31. Qxe1 Rxe1 32. g3 Ne2 33. Rg2 Nxd4 34.
Rf2 Ne2 35. Rg2 Kf8 36. h4 Ke7 37. hxg5 hxg5 38. Kh2 Nxg1 39. Rxg1 Rxg1 40.
Kxg1 Kd7 41. Kf2 Kc6 0-1

[Event "European Senior Chess Championship 2018"]
[Site "Drammen, Norway"]
[Date "2018.08.03"]
[Round "9"]
[White "Archangelsky, Mikhail"]
[Black "Solli, Oddvar"]
[Result "1/2-1/2"]
[WhiteElo "2033"]
[BlackElo "1796"]
[PlyCount "52"]
[EventDate "2018.??.??"]

1. d4 Nf6 2. Nf3 d5 3. e3 e6 4. Nbd2 c5 5. c3 Nc6 6. Bd3 Bd6 7. O-O O-O 8. dxc5
Bxc5 9. e4 b6 10. Qe2 Bb7 11. e5 Nd7 12. Nb3 Be7 13. Bc2 Re8 14. Qd3 Nf8 15.
Bf4 a5 16. Rfe1 Ba6 17. Qe3 b5 18. Nbd4 Qb6 19. Rac1 Rec8 20. Nxc6 Qxc6 21. Nd4
Qb7 22. Qg3 Ng6 23. Bxg6 hxg6 24. h4 b4 25. Bd2 bxc3 26. Bxc3 Bb4 1/2-1/2

[Event "European Senior Chess Championship 2018"]
[Site "Drammen, Norway"]
[Date "2018.08.03"]
[Round "9"]
[White "Johnsen, Oystein"]
[Black "Tolda Andreu, Eloi"]
[Result "1/2-1/2"]
[WhiteElo "2009"]
[BlackElo "1827"]
[PlyCount "176"]
[EventDate "2018.??.??"]

1. d4 Nf6 2. Nf3 c5 3. c3 cxd4 4. cxd4 g6 5. Nc3 Bg7 6. Bf4 d6 7. h3 Nbd7 8. e3
O-O 9. Be2 a6 10. O-O b5 11. Rc1 Bb7 12. a3 Rc8 13. Qb3 Nb6 14. Bh2 Qd7 15. Nd2
Nfd5 16. Na2 Nf6 17. Bf3 Bxf3 18. Nxf3 Nc4 19. Nc3 Qf5 20. Qc2 Qxc2 21. Rxc2
Nxb2 22. Rfc1 Nc4 23. a4 Na3 24. Rb2 Nd5 25. Ne2 Rxc1+ 26. Nxc1 Rc8 27. Ne2 Rc2
28. Rxc2 Nxc2 29. axb5 axb5 30. Nd2 e5 31. Nb3 f6 32. e4 Nb6 33. d5 Nc4 34. Nc3
b4 35. Nb1 Bh6 36. Kf1 Nd4 37. Nxd4 exd4 38. Ke2 Ne5 39. f4 Nf7 40. Kd3 Kf8 41.
Kxd4 f5 42. exf5 gxf5 43. Kc4 Ke7 44. Kxb4 Nd8 45. Nd2 Nb7 46. Nb3 Bg7 47. Kb5
Kd7 48. Kb6 Nd8 49. Bg1 Nf7 50. Bd4 Bf8 51. Bf6 Nh6 52. Nd4 Ng8 53. Bg5 h6 54.
Bh4 Be7 55. Nxf5 Bxh4 56. Nxh4 Ne7 57. f5 Nxd5+ 58. Kb5 h5 59. Kc4 Nf6 60. Kd4
Ke8 61. Ng6 Kf7 62. Nf4 Kg7 63. Nd5 Nd7 64. Ke4 Ne5 65. Kf4 Kh6 66. g4 hxg4 67.
hxg4 Nd3+ 68. Kg3 Kg5 69. Nc3 Nc5 70. Kf3 Nd7 71. Ne4+ Kh4 72. Kf4 d5 73. Nd2
d4 74. Nf3+ Kh3 75. Nxd4 Nf6 76. g5 Nh5+ 77. Ke5 Kg4 78. f6 Nf4 79. Ne6 Ng6+
80. Ke4 Nh8 81. Kd5 Kf5 82. Kd6 Kg6 83. Ke7 Kf5 84. Kf8 Kxe6 85. Kg7 Nf7 86. g6
Nd6 87. f7 Nf5+ 88. Kf8 Kf6 1/2-1/2

[Event "European Senior Chess Championship 2018"]
[Site "Drammen, Norway"]
[Date "2018.08.03"]
[Round "9"]
[White "Patola, Eero"]
[Black "Sand, Rolf"]
[Result "1/2-1/2"]
[WhiteElo "1856"]
[BlackElo "1990"]
[PlyCount "25"]
[EventDate "2018.??.??"]

1. e4 c5 2. c4 Nc6 3. Nc3 g6 4. g3 Bg7 5. Bg2 d6 6. d3 e6 7. Nge2 Nge7 8. O-O
O-O 9. Rb1 b6 10. a3 Bb7 11. h3 Qd7 12. Kh2 h6 13. f4 1/2-1/2

[Event "European Senior Chess Championship 2018"]
[Site "Drammen, Norway"]
[Date "2018.08.03"]
[Round "9"]
[White "Ladisic, Alex-Sacha"]
[Black "Wahlstedt, Mats"]
[Result "1-0"]
[WhiteElo "1962"]
[BlackElo "1951"]
[PlyCount "79"]
[EventDate "2018.??.??"]

1. e4 c5 2. Nf3 e6 3. d4 cxd4 4. Nxd4 a6 5. Nc3 b5 6. Bd3 Bb7 7. O-O Qc7 8. Kh1
Nc6 9. Nxc6 Bxc6 10. Qe2 Ne7 11. f4 b4 12. Nd1 Qb7 13. c3 a5 14. Bd2 Ng6 15.
Nf2 Be7 16. Nh3 O-O 17. Rae1 Bh4 18. Nf2 f5 19. g3 Be7 20. h4 Bc5 21. Kh2 Rae8
22. Nh3 d5 23. exf5 exf5 24. Qh5 Ne7 25. Ng5 h6 26. Ne6 Bd6 27. Nxf8 Rxf8 28.
Re6 Bc5 29. Qe2 Rf7 30. Be3 Bxe3 31. Qxe3 d4 32. Qxd4 bxc3 33. bxc3 Qb2+ 34.
Re2 Qb7 35. Rfe1 Nd5 36. Bc4 Rd7 37. Re5 Kh7 38. Bd3 Ne7 39. Qe3 Rxd3 40. Qxd3
1-0

[Event "European Senior Chess Championship 2018"]
[Site "Drammen, Norway"]
[Date "2018.08.03"]
[Round "9"]
[White "Lerstad, Bjorn"]
[Black "Mella, Aage"]
[Result "0-1"]
[WhiteElo "1916"]
[BlackElo "1689"]
[PlyCount "50"]
[EventDate "2018.??.??"]

1. e4 c5 2. Nf3 e6 3. d4 cxd4 4. Nxd4 Nf6 5. Nc3 Bc5 6. Be3 b6 7. Qd2 O-O 8.
Be2 Bb7 9. f3 Nc6 10. O-O d5 11. Nxc6 Bxc6 12. exd5 exd5 13. Bd4 Qd7 14. Rfe1
Rfe8 15. Bf1 Rxe1 16. Rxe1 Re8 17. Rxe8+ Qxe8 18. Ne2 Bb5 19. Kf2 Qe5 20. Qe3
Bxd4 21. Qxd4 Qxh2 22. a4 Ba6 23. b4 Qc7 24. c3 Bb7 25. Nf4 Ne4+ 0-1

[Event "European Senior Chess Championship 2018"]
[Site "Drammen, Norway"]
[Date "2018.08.03"]
[Round "9"]
[White "Kabanova, Irina"]
[Black "Rubinstein, Mark"]
[Result "1-0"]
[WhiteElo "1847"]
[BlackElo "1850"]
[PlyCount "81"]
[EventDate "2018.??.??"]

1. e4 c5 2. Nf3 b6 3. d4 e6 4. dxc5 Bxc5 5. a3 a5 6. Bd3 Bb7 7. Nc3 d5 8. Bb5+
Kf8 9. O-O h6 10. exd5 exd5 11. Na4 Nf6 12. Nd4 Na6 13. c3 Nc7 14. Bd3 Ba6 15.
Bxa6 Nxa6 16. b4 Bd6 17. h3 g6 18. Be3 Bc7 19. Qf3 Kg7 20. g3 Qd7 21. b5 Nc5
22. Nxc5 bxc5 23. Nc6 Ne4 24. Kg2 h5 25. Bf4 h4 26. g4 f5 27. Ne5 Qe7 28. Nc6
Qd7 29. gxf5 Bxf4 30. Qxf4 Qxf5 31. Qxf5 gxf5 32. Rac1 f4 33. f3 Nf6 34. a4 Rh5
35. Kf2 Rg5 36. Rg1 Rxg1 37. Rxg1+ Kf8 38. Re1 Re8 39. Re5 d4 40. cxd4 cxd4 41.
Rf5 1-0

[Event "European Senior Chess Championship 2018"]
[Site "Drammen, Norway"]
[Date "2018.08.03"]
[Round "9"]
[White "Lie, Terje"]
[Black "Carulla Pons, Carlos"]
[Result "1/2-1/2"]
[WhiteElo "1502"]
[BlackElo "1835"]
[PlyCount "43"]
[EventDate "2018.??.??"]

1. d4 Nf6 2. c4 g6 3. Nc3 Bg7 4. Nf3 d6 5. e4 O-O 6. Be2 e5 7. O-O Nc6 8. d5
Ne7 9. Qc2 Nh5 10. Nd2 Nf4 11. Bf3 f5 12. Ne2 Nxe2+ 13. Bxe2 f4 14. f3 g5 15.
c5 Bd7 16. b4 a5 17. b5 dxc5 18. Qxc5 b6 19. Qc2 Nc8 20. a4 Nd6 21. Ba3 Rf6 22.
Rac1 1/2-1/2

[Event "European Senior Chess Championship 2018"]
[Site "Drammen, Norway"]
[Date "2018.08.03"]
[Round "9"]
[White "Rostad, Rolf"]
[Black "Lilleng, Gunnar"]
[Result "1-0"]
[WhiteElo "1813"]
[BlackElo "1598"]
[PlyCount "79"]
[EventDate "2018.??.??"]

1. e4 d5 2. exd5 Qxd5 3. Nc3 Qd8 4. d4 Nf6 5. Nf3 Bg4 6. Be2 c6 7. O-O e6 8. h3
Bh5 9. Ne5 Bxe2 10. Nxe2 Be7 11. c4 Na6 12. Qa4 O-O 13. Nxc6 Qd7 14. Nxe7+ Qxe7
15. Be3 Rfc8 16. Rac1 Qb4 17. Qc2 Rc6 18. a3 Qf8 19. Qd3 Qc8 20. Bf4 Qd7 21. b4
Rcc8 22. Rfd1 Rd8 23. Be5 Ne8 24. Ng3 g6 25. Ne4 Qe7 26. Nc3 Nac7 27. Qg3 Rd7
28. Rd3 f6 29. Bf4 Ng7 30. Qf3 Nce8 31. Ne4 Rc8 32. c5 Nf5 33. Qd1 Nc7 34. Nd6
Rb8 35. Nxf5 gxf5 36. Bxc7 Rxc7 37. d5 Rd7 38. dxe6 Rxd3 39. Qxd3 Qxe6 40. Qg3+
1-0

[Event "European Senior Chess Championship 2018"]
[Site "Drammen, Norway"]
[Date "2018.08.03"]
[Round "9"]
[White "Tveten, Per"]
[Black "Sather, Lars"]
[Result "0-1"]
[WhiteElo "1526"]
[BlackElo "1720"]
[PlyCount "112"]
[EventDate "2018.??.??"]

1. e4 d5 2. exd5 Nf6 3. Bc4 Nbd7 4. Nf3 Nb6 5. Bb5+ Bd7 6. Bxd7+ Qxd7 7. Nc3
Nfxd5 8. Nxd5 Nxd5 9. O-O e6 10. c4 Nf6 11. d4 c6 12. Ne5 Qc7 13. c5 Rd8 14.
Be3 Bxc5 15. Qa4 Bb6 16. Rad1 h6 17. Qa3 Qd6 18. Nc4 Qxa3 19. Nxa3 O-O 20. Nc4
Bc7 21. Rd3 Ng4 22. g3 b5 23. Nd2 Bb6 24. Nf3 c5 25. Rfd1 c4 26. R3d2 Rd5 27.
h3 Nf6 28. Ne5 Ne4 29. Rc2 Rd6 30. Kg2 Rfd8 31. f3 Nf6 32. Rdc1 Nd5 33. Bg1 g6
34. f4 Kg7 35. Nf3 Ba5 36. Rc3 Nb4 37. Re3 Nd3 38. Rc2 f6 39. b3 Nb4 40. Ree2
Nd5 41. Rc1 c3 42. a3 b4 43. axb4 Bxb4 44. Ne1 Ba5 45. Ra2 Bb6 46. Nc2 Nc7 47.
Ra4 Nb5 48. Rc4 Kf7 49. Ra1 e5 50. fxe5 fxe5 51. Rf1+ Kg7 52. Nb4 exd4 53. Nc6
Na3 54. Ra4 Rxc6 55. Rxa3 Rd7 56. b4 d3 0-1